907 emlékezete

Elmentve itt :
Bibliográfiai részletek
Szerző: Szabados György
Dokumentumtípus: Cikk
Megjelent: 2007
Sorozat:Tiszatáj 61 No. 12
Kulcsszavak:Magyarország története - 9-10. sz. - tanulmány, Őstörténet kutatása - magyar, Árpád - (Magyarország : fejedelem)
Online Access:http://tiszataj.bibl.u-szeged.hu/19930
LEADER 00665nab a2200181 i 4500
001 tisza19930
005 20200331091955.0
008 161212s2007 hu o 0|| hun d
022 |a 0133-1167 
040 |a SZTE Tiszatáj Archívum  |b hun 
041 |a hun 
100 1 |a Szabados György 
245 1 0 |a 907 emlékezete  |h [elektronikus dokumentum] /  |c  Szabados György 
260 |c 2007 
300 |a 64-70 
490 0 |a Tiszatáj  |v 61 No. 12 
695 |a Magyarország története - 9-10. sz. - tanulmány, Őstörténet kutatása - magyar, Árpád - (Magyarország : fejedelem) 
856 4 0 |u http://tiszataj.bibl.u-szeged.hu/19930/1/tiszataj_2007_012_064-070.pdf  |z Dokumentum-elérés